000 00868nam a2200253Ia 4500
003 OSt
005 20221005104137.0
006 a|||||r|||| 00| 0
007 ta
008 221004b |||||||| |||| 00| 0 hin d
024 _a23565
037 _cTextual
040 _aCRL
_cCRL
_bhin
041 _2hin
_ahin
082 _aO152,2:g(Q:1), M9
100 _aगौतम, रमेश
245 0 _aमिथक और स्वात्न्त्रयोतर हिन्दी नाटक
246 _aMithak aur swātntrayotar hindī nāṭaka
260 _aदिल्ली
_bनचिकेता प्रकाशन भारत
_c1989
300 _a191पृ0
_ccm.
650 _aहिन्दी साहित्य
942 _hO152,2:g(Q:1), M9
_cTEXL
_2cc
999 _c1011852
_d1011852